000 00418pab a2200157 454500
008 180718b2002 xxu||||| |||| 00| 0 eng d
100 _aLalitha,N.
245 _aTRIPS and pharmaceutical industry: issues of strategic importance
260 _c2002
300 _ap.103-33.
362 _aJan-Jun
650 _aDrugs
650 _aIntellectual property
773 _aReview of Development and change
909 _a53948
999 _c53948
_d53948